| 000 | 01010cam a22003135a 4500 | ||
|---|---|---|---|
| 999 |
_c302 _d302 |
||
| 003 | EG-ScBUE | ||
| 005 | 20210316094303.0 | ||
| 008 | 181015t1993 le f b 000 d eng d | ||
| 020 | _a9953101094 | ||
| 020 | _a9789953101095 | ||
| 040 |
_aEG-ScBUE _beng _erda _cEG-ScBUE _dEG-ScBUE |
||
| 082 | 0 | 4 |
_a822.33 _bSHA _222 |
| 100 | 1 |
_aShakespeare, William, _d1564-1616, _eauthor. _930760 |
|
| 245 | 1 | 0 |
_aKing Lear / _cWilliam Shakespeare. |
| 264 | 1 |
_aBeirut : _bYork Press, _c1993. |
|
| 300 |
_axxxiii, 249 pages ; _c20 cm. |
||
| 336 |
_2rdacontent _atext _btxt |
||
| 337 |
_2rdamedia _aunmediated _bn |
||
| 338 |
_2rdacarrier _avolume _bnc |
||
| 490 | 0 | _aYork classics | |
| 504 | _aIncludes bibliographical references. | ||
| 600 | 0 | 7 |
_aLear, _cKing of England (Legendary character) _vDrama. _2BUEsh |
| 650 | 7 |
_aInheritance and succession _vDrama. _2BUEsh |
|
| 650 | 7 |
_aFathers and daughters _vDrama. _2BUEsh |
|
| 651 | _2BUEsh | ||
| 653 |
_bHHUUEENN _cOctober2018 |
||
| 655 |
_vReading book _934232 |
||
| 942 |
_2ddc _cBB |
||